000 00710nam a2200229 a 4500
005 20171205122921.0
008 140310b1993 cr d|||fr|||| 00| 0 spa d
020 _a9968727008
040 _aCO-BoIAVH
_cCO-BoIAVH
041 _aspa
044 _acr
082 1 0 _a597.954
_bW49m
100 1 0 _aWerner, Dagmar
245 1 3 _aEl manejo de la iguana verde:
_btomo 2
260 _aSan José, Costa Rica:
_bSociedad Periodística BUNI,
_c1993.
300 _a24 páginas ; 2, 3, 4 y 5 volúmenes.
_bGráficas
_c21 x 14 cm.
650 1 6 _aIguanas
650 1 6 _aRecursos naturales
_xconservación
700 1 _aRey, Daisy
700 1 _aOrtuño, Ana María
942 _cLIBRO
_2ddc
999 _c3235
_d3235